000 00237nam a2200097Ia 4500
001 793617
005 20250826170652.0
008 250824s9999 xx 000 0 und d
245 0 _aDOSTLUK EKMEĞİ
_cDARIEN GEE
260 _bARKADYA YAYINLARI
999 _c793617
_d793617